Statystyki dla Czyj to wers? (Polski FREESTYLE)

Kliknij tutaj aby rozwiązać quiz!

Ogólne statystyki

  • Ten quiz został rozwiązany 275 razy
  • Średni wynik to 9 z 15

Statystyki odpowiedzi

wersOdpowiedź% Poprawnych
"Siemano Czeski, jak tam twój portfel po werdyktach?"Pueblos
86%
"Nie potrzebny mi do niczego trójkąt bracie ja w kółko pierd*le na twoim kwadracie"Ryba
77%
"Teraz jesteś w finale, w prze****dalaniu awansowałes"Bober
76%
"Zróbcie hałas dla Bobera, przyszłość polskich freestylowców"Filipek
76%
"Sorry kolego, ale zgubiłeś temacik, chińczyk Ci zaraz plaskacza wypłaci"Wujek Samo Zło
69%
"Myślisz,że wygrałeś tę walkę to czemu ziomki z tyłu kończą twoje punche"Yowee
69%
"A ty stanąłeś na wadze ty głupi ćwoku i wyszła temperatura w grudniu ku**a w Białymstoku"Pukuś
67%
"Nic nie wiedział na temat rapu, a na jedzonko mówił papu. Sorry zje**łem zbyt trudno, tak nazywał g**no"Eskobar
65%
"Ty naprawdę jesteś tak zryty ćwoku, żeby odgrzewać moje punche z finały z przed roku?"Edzio
63%
"Każdy stosunek Kaza to synonim skuchy trzy ruchu i wór suchy"Will Spliff
62%
"To zobaczycie co ku**a zrobie za rok"Bober
60%
"Nie wyje*e się nawet jak karakan podetnie mi nogi"Wudo
57%
"W dwie kalorie uwierzył ten MC nie wie, że moja sperma ma więcej"Ryba
27%
"A twoja panna jest jak serce, bo ciągle ją pompuje"Toczek
27%
"I to jest proste jadę typie, twoja panna ma pas startowy w ci**e"Kałach
18%

Rozkład punktacji

Percentyl według liczby udzielonych odpowiedzi

Procent ludzi z każdym wynikiem

Twoja historia wyników

Nie rozwiązałeś tego quizu